| 000 | 00902nam a2200265Ia 4500 | ||
|---|---|---|---|
| 003 | OSt | ||
| 005 | 20220925230757.0 | ||
| 006 | a|||||r|||| 00| 0 | ||
| 007 | ta | ||
| 008 | 220923b |||||||| |||| 00| 0 eng d | ||
| 020 |
_a9788178298634 _c420.75 |
||
| 037 |
_bDL/INV-CONF/08-01966, 12/09/2008, Atlantic Publisher & Distributers _cGeneral Book |
||
| 040 |
_aRTL _cRTL _beng |
||
| 041 |
_2eng _aeng |
||
| 082 | _aX:328, P7 | ||
| 100 |
_aMorse Eric A _9294303 |
||
| 245 | 0 |
_aCases in entrepreneurship _b The venture creation process |
|
| 260 |
_aLos _bAngeles Sage _c2007 |
||
| 300 |
_axvi, 425p _ccm. |
||
| 500 | _aBibliography P 423-25 | ||
| 650 | _aCommerce | ||
| 700 |
_a Mitchell Ronald K _9294304 |
||
| 942 |
_hX:328, P7 _cGB _2CC |
||
| 999 |
_c586555 _d586555 |
||